| 000 | 01126pam a2200349 a 4500 | ||
|---|---|---|---|
| 001 | 013279486 | ||
| 003 | EG-ScBUE | ||
| 005 | 20220320095732.0 | ||
| 008 | 050614r20082003ilu f 000 1 eng d | ||
| 020 | _a1564784126 (pbk.) : | ||
| 020 | _a9781564784124 | ||
| 040 |
_aEG-ScBUE _beng _erda _cEG-ScBUE _dEG-ScBUE |
||
| 041 | 1 |
_aeng _hsrp |
|
| 082 | 0 | 4 |
_a891.8236 _222 _bZIV |
| 100 | 1 |
_aZivkovic, Zoran, _eauthor. _930605 |
|
| 240 | 1 | 0 |
_aSkrivena kamera. _lEnglish |
| 245 | 1 | 0 |
_aHidden camera / _cZoran Zivkovic ; translation by Alice Copple-Tosic. |
| 250 | _aSecond printing. | ||
| 264 | 1 |
_aChampaign ; _aLondon : _bDalkey Archive Press, _c2008. |
|
| 300 |
_a217 pages ; _c21 cm |
||
| 336 |
_2rdacontent _atext _btxt |
||
| 337 |
_2rdamedia _aunmediated _bn |
||
| 338 |
_2rdacarrier _avolume _bnc |
||
| 546 | _aText in English ; translated from the original Serbian. | ||
| 650 | 7 |
_918884 _aParanoia _vFiction. _2BUEsh |
|
| 650 | 7 |
_aAmateur films _vFiction. _2BUEsh |
|
| 651 | _2BUEsh | ||
| 653 |
_cJuly2012 _bHHUUEENN |
||
| 655 |
_vReading book _934232 |
||
| 700 | 1 |
_aTošić, Alice, _etranslator. _930606 |
|
| 942 |
_2ddc _cBB |
||
| 999 |
_c16873 _d16873 |
||